ARRUPE JESUIT UNIVERSITY

CORONAVIRUS -STOP THE SPREAD - CLEAN,DISINFECT,COVER

Heroic living : (Record no. 120865)

MARC details
000 -LEADER
fixed length control field 02299cam a2200337 a 4500
001 - CONTROL NUMBER
control field 15433659
003 - CONTROL NUMBER IDENTIFIER
control field ARRUPE
005 - DATE AND TIME OF LATEST TRANSACTION
control field 20150417020005.0
008 - FIXED-LENGTH DATA ELEMENTS--GENERAL INFORMATION
fixed length control field 080829s2009 ilu b 000 0 eng
010 ## - LIBRARY OF CONGRESS CONTROL NUMBER
LC control number 2008038283
020 ## - INTERNATIONAL STANDARD BOOK NUMBER
International Standard Book Number 9780829424423
020 ## - INTERNATIONAL STANDARD BOOK NUMBER
International Standard Book Number 0829424423
035 ## - SYSTEM CONTROL NUMBER
System control number (OCoLC)ocn213445868
040 ## - CATALOGING SOURCE
Original cataloging agency DLC
Transcribing agency DLC
Modifying agency YDX
-- BTCTA
-- BAKER
-- YDXCP
-- DLC
050 00 - LIBRARY OF CONGRESS CALL NUMBER
Classification number BV4740
Item number .L69 2009
300 ## - PHYSICAL DESCRIPTION
Dimensions 24 cm.
100 1# - MAIN ENTRY--PERSONAL NAME
Personal name Lowney, Chris.
9 (RLIN) 11361
245 10 - TITLE STATEMENT
Title Heroic living :
Remainder of title discover your purpose and change the world /
Statement of responsibility, etc Chris Lowney.
260 ## - PUBLICATION, DISTRIBUTION, ETC. (IMPRINT)
Place of publication, distribution, etc Chicago, Ill. :
Name of publisher, distributor, etc Loyola Press,
Date of publication, distribution, etc c2009.
300 ## - PHYSICAL DESCRIPTION
Extent xii, 206 p. ;
504 ## - BIBLIOGRAPHY, ETC. NOTE
Bibliography, etc Includes bibliographical references (p. 195-203).
505 0# - FORMATTED CONTENTS NOTE
Formatted contents note Getting to our mighty purpose -- Part 1: Create new strategy for a new time -- Our dilemma : navigate a complex and fast-changing world -- The way forward : create strategy for your whole life -- Part 2: Discover your mighty purpose -- Where are you now? : evaluate the world you've inherited -- Where will you lead us? : envision the future worth fighting for -- Why are you here? : articulate a purpose worth living for -- What kind of person will you be? : embrace values worth standing for -- What makes the difference? : put heart into strategy and give it life -- Part 3: Choose wisely -- Make great choices : learn to use your head and your heart -- Live in freedom : listen to the still, small voice -- Part 4: Make every day matter -- Develop consistency : get the mind-set for getting results -- Recognize progress : use a spiritual technology for purposeful living -- Let gratitude and optimism take you forward.
650 #0 - SUBJECT ADDED ENTRY--TOPICAL TERM
Topical term or geographic name as entry element Vocation
General subdivision Christianity.
9 (RLIN) 11362
650 #0 - SUBJECT ADDED ENTRY--TOPICAL TERM
Topical term or geographic name as entry element Change
General subdivision Religious aspects
-- Christianity.
9 (RLIN) 11363
856 41 - ELECTRONIC LOCATION AND ACCESS
Materials specified Table of contents only
Uniform Resource Identifier <a href="http://www.loc.gov/catdir/toc/ecip0827/2008038283.html">http://www.loc.gov/catdir/toc/ecip0827/2008038283.html</a>
856 42 - ELECTRONIC LOCATION AND ACCESS
Materials specified Publisher description
Uniform Resource Identifier <a href="http://www.loc.gov/catdir/enhancements/fy1114/2008038283-d.html">http://www.loc.gov/catdir/enhancements/fy1114/2008038283-d.html</a>
856 41 - ELECTRONIC LOCATION AND ACCESS
Materials specified Sample text
Uniform Resource Identifier <a href="http://www.loc.gov/catdir/enhancements/fy1114/2008038283-s.html">http://www.loc.gov/catdir/enhancements/fy1114/2008038283-s.html</a>
856 42 - ELECTRONIC LOCATION AND ACCESS
Materials specified Contributor biographical information
Uniform Resource Identifier <a href="http://www.loc.gov/catdir/enhancements/fy1114/2008038283-b.html">http://www.loc.gov/catdir/enhancements/fy1114/2008038283-b.html</a>
906 ## - LOCAL DATA ELEMENT F, LDF (RLIN)
a 7
b cbc
c orignew
d 1
e ecip
f 20
g y-gencatlg
942 ## - ADDED ENTRY ELEMENTS (KOHA)
Source of classification or shelving scheme Library of Congress Classification
Koha item type Monograph ( Printed materials)
Koha issues (borrowed), all copies 1
Holdings
Withdrawn status Lost status Source of classification or shelving scheme Damaged status Not for loan Home library Current library Shelving location Date acquired Total Checkouts Full call number Barcode Checked out Date last seen Date checked out Price effective from Koha item type Collection code
    Library of Congress Classification     ARRUPE LIBRARY ARRUPE LIBRARY Main Collection 18/09/2014 1 BV4740 .L69 2009 46500000408 16/05/2015 16/04/2015 16/04/2015 18/09/2014 Monograph ( Printed materials)  
    Library of Congress Classification     ARRUPE LIBRARY ARRUPE LIBRARY Main Collection 20/10/2020   BV4740 .L69 2009 46600008094   20/10/2020   20/10/2020 Monograph ( Printed materials) Main Collection
    Library of Congress Classification     ARRUPE LIBRARY ARRUPE LIBRARY Main Collection 25/11/2022   BV4740 .L69 2009 46700000079   25/11/2022   25/11/2022 Monograph ( Printed materials)  

 

Arrupe Library. PO Box MP320 Mt Pleasant, Harare, Zimbabwe
263 242 745411|librarian@aju.ac.zw